00521nam a2200193 a 4500001001300000003000900013005001700022008004100039020001100080082001500091100002200106245005500128260004700183300000900230500003500239505001600274650001500290700002200305nice12345678IN_TiNIC20260116011657.0050524s1957 mada grp 000 0 eng  ac3.7500a226.6bMOU aMoulton, Harold K aActs of the Apostlesb Introduction and Commentary aMadrasbChristian Literature Societyc1957 a387p aincludes index and biblioraphy2 aIndex, Maps aBible-Acts1 aMoulton, Harold K